Ciudades de la Región Pokémon de Kanto en el Mapa - Estadísticas

Estadísticas generales
  • Esta prueba ha sido intentada 703 veces
  • La puntuación promedio es 8 de 11
Respuestas en el mapa
Las respuestas están codificadas por una escala verde-roja en el mapa de la prueba según el % correcto abajo.
 
Estadísticas de respuestas
Respuesta % Correcto
Pueblo Paleta
88%
Isla Canela
80%
Meseta Añil
80%
Ciudad Verde
75%
Ciudad Celeste
73%
Ciudad Plateada
69%
Pueblo Lavanda
69%
Ciudad Fucsia
62%
Ciudad Azulona
60%
Ciudad Carmín
60%
Ciudad Azafrán
54%
No se encontraron pruebas coincidentes
Distribución de puntuación
Porcentaje de gente con cada puntuación
Porcentaje por número respondido
Historial de tus puntuaciones
No has intentado esta prueba.